000 00784nam a22002175i 4500
001 171844
003 ES-MaACL
005 20250901090026.0
008 090603s1971 sp |||| | spa d
080 _a616-073.75
080 _a615.849
100 1 _aSolsona, Fernando.
_9107252
245 1 3 _aLa radiología hospitalaria y su organización /
_cpor Fernando Solsona ; prólogo José Martínez Estrada.
260 _aValladolid :
_bFacultad de Medicina de Valladolid, Cátedra de Terapéutica Física,
_c1971.
300 _a92 p. ;
_c21 cm.
650 1 7 _aRadiología
_2embne
_9140316
700 1 _aMartínez Estrada, José.
_9140467
710 2 _aUniversidad de Valladolid.
_bCátedra de Terapéutica Física.
_9140468
852 _aES-MaACL
_jC-45643
999 _c171844
_d171844